Statistics for U.S. Cities with most murder rates

Click here to take the quiz!

General Stats

  • This quiz has been taken 41 times
  • The average score is 12 of 20

Answer Stats

Murder RateCity% Correct
24.0Chicago
94%
39.7Detroit
83%
40.6New Orleans
83%
51.1Baltimore
74%
23.8Cincinnati
69%
33.7Cleveland
69%
69.4St. Louis
69%
27.1Memphis
66%
20.2Philadelphia
66%
17.0Washington D.C.
66%
16.7Atlanta
63%
20.0Milwaukee
60%
17.7Indianapolis
54%
17.5Louisville
51%
18.4Pittsburgh
51%
31.2Kansas City
49%
31.4Las Vegas
46%
17.1Oakland
43%
18.6Tulsa
34%
25.6Newark
29%

Score Distribution

Percentile by Number Answered

Percent of People with Each Score

Your Score History

You have not taken this quiz